ر ہبر معا لجا ت (Record no. 87417)

MARC details
000 -LEADER
fixed length control field 01340nam a22002777a 4500
005 - DATE AND TIME OF LATEST TRANSACTION
control field 20170420110612.0
008 - FIXED-LENGTH DATA ELEMENTS--GENERAL INFORMATION
fixed length control field 140714b xxu||||| |||| 00| 0 Urdu d
010 ## - LCCN (DPL NO)
LC control number UR-149 B-548057-060 B-665998
020 ## - INTERNATIONAL STANDARD BOOK NUMBER
Terms of availability 250.00
035 ## - SYSTEM CONTROL NUMBER
System control number U-149 B-548057-060 B-665998
037 ## - SOURCE OF ACQUISITION
Source of stock number/acquisition BPPD/Pub/Ven
037 ## - SOURCE OF ACQUISITION
Source of stock number/acquisition KK.Publications
040 ## - CATALOGING SOURCE
Original cataloging agency DPL
Language of cataloging Urdu
082 ## - DEWEY DECIMAL CLASSIFICATION NUMBER
Classification number 615.53
100 ## - MAIN ENTRY--PERSONAL NAME
Personal name ڈ ا کٹرمحمد شميم خا ن
245 ## - TITLE STATEMENT
Title ر ہبر معا لجا ت
Statement of responsibility, etc ڈ ا کٹرمحمد شميم خا ن
246 ## - VARYING FORM OF TITLE
Title proper/short title Rahbar -e- Moalijat/
Remainder of title byDr.Mohd. Shamim Khan
260 ## - PUBLICATION, DISTRIBUTION, ETC. (IMPRINT)
Name of publisher, distributor, etc Idara Kitab-US-Shifa
Date of publication, distribution, etc 2014
Place of publication, distribution, etc New Delhi
260 ## - PUBLICATION, DISTRIBUTION, ETC. (IMPRINT)
Name of publisher, distributor, etc k.K.P. (Vender)
270 ## - ADDRESS
Address 2075,Ist Floor ,Masjid Mazar Wali ,Nahar Khan Street,Kucha Chelan Darya Ganj
City New Delhi
Postal code 110002
Telephone number 23283494,9312273887
270 ## - ADDRESS
Address 4806/24,Bharat Ram Road ,Dariya Ganj,
City New Delhi (Vender)
Postal code 110002
Telephone number 011 64527574,Fax47340207,M:9213116968-
300 ## - PHYSICAL DESCRIPTION
Extent 272ص
Dimensions 22cm (Hb)
942 ## - ADDED ENTRY ELEMENTS (KOHA)
Source of classification or shelving scheme Dewey Decimal Classification
Item type Urdu Bks
Classification part 615.53
Call number suffix ش م ی
Holdings
Withdrawn status Lost status Source of classification or shelving scheme Damaged status Not for loan Collection code Home library Current library Date acquired Source of acquisition Cost, normal purchase price Total Checkouts Full call number Barcode Date last seen Copy number Cost, replacement price Koha item type
    Dewey Decimal Classification     Non-fiction Ashok Vihar Ashok Vihar 20/04/2017 BPPD/UR/2014-15/AV/16-17/658/KKP/936/7.3.17/8.3.17 250.00   615.53 ش م ی B-665998 20/04/2017 1 250.00 Urdu Bks
    Dewey Decimal Classification     Non-fiction Central Library Central Library 08/12/2014 BPPD/UR/2014-15/1.8.14/KKP/1351/12.8.14/2.9.14 250.00   615.53 ش م ی B-548057 08/12/2014 1 250.00 Urdu Bks
    Dewey Decimal Classification     Non-fiction Mobile Library Mobile Library 08/12/2014 BPPD/UR/2014-15/1.8.14/KKP/1351/12.8.14/2.9.14 250.00   615.53 ش م ی B-548058 08/12/2014 1 250.00 Urdu Bks
    Dewey Decimal Classification     Non-fiction Patel Nagar Patel Nagar 08/12/2014 BPPD/UR/2014-15/1.8.14/KKP/1351/12.8.14/2.9.14 250.00   615.53 ش م ی B-548059 08/12/2014 1 250.00 Urdu Bks
    Dewey Decimal Classification     Non-fiction Sarojini Nagar Sarojini Nagar 08/12/2014 BPPD/UR/2014-15/1.8.14/KKP/1351/12.8.14/2.9.14 250.00   615.53 ش م ی B-548060 08/12/2014 1 250.00 Urdu Bks

© Delhi Public Library
Hit Counter
free hit counter